000 00766nam a2200253 a 4500
008 951027s1990||||[C 0 slo c
020 _a8022002038
_c17 Kčs.
_q(1500 výtl.)
040 _aSNK
_bslo
_cSNK
_eAACR2
041 1 _aslo
_hcze
044 _axo
_cSK
080 _a885.0-3
080 _a885.0-4
080 _a639.2
100 1 _aMahen, Jiří
_4aut
245 1 0 _aRybárska knižka
_cJiří Mahen ; Milan Resutík, Milan Resutík, Marián Minarovič
250 _a1., vyd.
260 _aBratislava
_bSlovenský spisovateľ
_c1990
_eMartin
_fTlačiarne SNP
300 _a157 s., 6,74 AH
_c20 cm
490 0 _aČeská knižnica
700 1 _aResutík, Milan
_4trl
700 1 _aResutík, Milan
_4[ADC]
700 1 _aMinarovič, Marián
_4bkd
958 _aA
999 _c12233
_d12233